¿Qué es literatura? : la abstracción literatura, naturaleza y funciones de lo literario /

Ensayo de filosofía de la literatura, desarrollado por su autor en las dos secciones a las que alude el subtítulo, referidas respectivamente a la abstracción y a la naturaleza y funciones (como sinfronismo, como juego, como evasión, como compromiso y como ansia de inmortalidad) de la expresión liter...

Olles dieđut

Furkejuvvon:
Bibliográfalaš dieđut
Váldodahkki: Castagnino, Raúl H. (autor)
Materiálatiipa: Girji
Giella:espánnjágiella
Almmustuhtton: Buenos Aires, Argentina : Nova, 1977, c1977
Preanttus:8a edición
Ráidu:(Biblioteca Arte y Ciencia de la Expresión)
Fáttát:
Fáddágilkorat: Lasit fáddágilkoriid
Eai fáddágilkorat, Lasit vuosttaš fáddágilkora!

MARC

LEADER 00000nam^a2200000^a^4500
001 000180560
005 20250521000000.0
009 20260310101902.455
037 |a Acervo ITESO - Biblioteca 
041 |a ESP 
082 |a 809. 001  |b CAS 
100 |a Castagnino, Raúl H.  |e (autor) 
245 1 0 |a ¿Qué es literatura? :  |b la abstracción literatura, naturaleza y funciones de lo literario /  |c R.H. Castagnino. 
250 |a 8a edición 
264 4 |a Buenos Aires, Argentina :  |b Nova,  |c 1977, c1977 
300 |a 206 p. 
336 |a texto  |b txt  |2 rdacontenido 
337 |a sin mediación  |b n  |2 rdamedio 
338 |a volumen  |b nc  |2 rdasoporte 
440 1 |a (Biblioteca Arte y Ciencia de la Expresión) 
520 |a Ensayo de filosofía de la literatura, desarrollado por su autor en las dos secciones a las que alude el subtítulo, referidas respectivamente a la abstracción y a la naturaleza y funciones (como sinfronismo, como juego, como evasión, como compromiso y como ansia de inmortalidad) de la expresión literaria. 
649 |a XX 
650 |a Literatura -  |x Teoría 
650 |a Literatura -  |x Filosofía -  |x Tema Principal 
650 |a Estética 
650 |a Filosofía y Literatura 
910 |a Fondo General 
920 |a Impresos - Libros 
930 |a Colección General 
940 |a Literatura 
905 |a 101 
901 |a 0500119885  |b IT1  |c LIT  |u 20250521 
901 |a 0500119888  |b IT1  |c LIT  |u 20250521 
902 |a https://opac.biblio.iteso.mx/vufind/Record/000180560